| 000 | 00404nam a22001337a 4500 | ||
|---|---|---|---|
| 020 | _qHB. | ||
| 040 | _cFIZZA ISHAQ | ||
| 082 |
_a309.173 _bHAR |
||
| 100 |
_aHarrington , Michael. _9133822 |
||
| 245 |
_aToward a Democratic Left: A Radical Program for a New Majority / _cMichael. Harrington. |
||
| 260 |
_aNew York: _bMacmillan Company, _c1968. |
||
| 300 |
_a314 P. ; _c8.6 X 5.8 inches |
||
| 942 |
_2ddc _cBK |
||
| 999 |
_c616792 _d616792 |
||